| 000 | 00370nam a2200145Ia 4500 | ||
|---|---|---|---|
| 008 | 230917s9999||||xx |||||||||||||| ||und|| | ||
| 040 |
_e185454 _aMAIN |
||
| 041 | _aEnglish | ||
| 082 | _a658.4083 K148G | ||
| 100 | _aKarpagam, M | ||
| 245 | 0 | _aGreen management: Theory and applications | |
| 260 |
_aNew Delhi _bAne Books _c2010 |
||
| 300 | _avii, 410 p. | ||
| 942 | _cBK | ||
| 999 |
_c164740 _d164740 |
||